Normal view
MARC view
- VAPOR-PLATING.VACUUM DEPOSITION ONTO WEBS, FILMS, AND FOILS
Entry Topical Term
001 - CONTROL NUMBER
- control field: 64282
003 - CONTROL NUMBER IDENTIFIER
- control field: NUST
005 - DATE AND TIME OF LATEST TRANSACTION
- control field: 20210628203241.0
008 - FIXED-LENGTH DATA ELEMENTS
- fixed length control field: 210628|| aca||aabn | a|a d
040 ## - CATALOGING SOURCE
- Original cataloging agency: NUST
- Transcribing agency: NUST
150 ## - HEADING--TOPICAL TERM
- Topical term or geographic name entry element: VAPOR-PLATING.VACUUM DEPOSITION ONTO WEBS, FILMS, AND FOILS
670 ## - SOURCE DATA FOUND
- Source citation: Work cat.: (NUST): Bishop, Charles A 64281, Vacuum deposition onto webs, films, and foils, 2007
